Capitals-Sudden Death-Extreme (Speed Version) - Statistics

General Stats
  • This quiz has been taken 45 times
  • The average score is 37 of 100
Answers on the Grid
Answers color-coded by a green-red scale on the quiz's grid according to % correct below.
Belmopan
Managua
Kingstown
Nassau
Santo Domingo
Roseau
Bridgetown
Saint John's
Abu Dhabi
Yamoussoukro
Abuja
Andorra la Vella
Ankara
Antananarivo
Apia
Ashgabat
Asmara
Asunción
Baku
Bamako
Bandar Seri Begawan
Banjul
Bangui
Bishkek
Bogotá
Bratislava
Bucharest
Budapest
Buenos Aires
Cairo
Castries
Conakry
Dili
Djibouti
Dodoma
Doha
Dushanbe
Gaborone
Georgetown
Harare
Hanoi
Honiara
Islamabad
Jakarta
Juba
Kampala
Khartoum
Kigali
Kyiv
La Paz
Sucre
Lilongwe
Libreville
Malabo
Majuro
Malé
Manama
Maseru
Mogadishu
Muscat
N'Djamena
Naypyidaw
Ngerulmud
Nouakchott
Nukuʻalofa
Ouagadougou
Palikir
Paramaribo
Phnom Penh
Podgorica
Port Louis
Port Moresby
Port of Spain
Port Vila
Reykjavík
Riga
São Tomé
Sarajevo
South Tarawa
Suva
Tashkent
Tallinn
Tbilisi
Tehran
Thimphu
Ulaanbaatar
Vaduz
Vientiane
Vilnius
Windhoek
Yaoundé
Yaren
Yerevan
Zagreb
Valletta
Santiago
Riyadh
Praia
Port-au-Prince
Paris
São Paulo
Shanghai
Fukuoka
Qingdao
Mississauga
Yellowknife
Monterrey
Montpellier
Phoenix
Tijuana
Veracruz
Cali
Barranquilla
Cayenne
Belo Horizonte
Cordoba
Cusco
Guayaquil
Cork
Worms
Munich
Bordeaux
Port Orange
Port Hueneme
Portland
Plovdiv
Izmir
Espoo
Antwerp
Rotterdam
Bremen
Geneva
Milan
Porto
Split
Novi Sad
Thessaloniki
Grozny
Kharkiv
Odessa
Bergen
Isfahan
Osh
Brno
Ostrava
Lviv
Gdansk
Yaroslavl
Kazan
Oran
Benghazi
Luxor
Timbuktu
Abidjan
Lagos
Dar es Salaam
Dubai
Tel Aviv
Aleppo
Heart
Lahore
Karachi
Ahmedabad
Chennai
Kochi
Chattogram
Phuket
Ho Chi Minh City
Haikou
Incheon
Surabaya
Denpasar
Kuching
Davao
Kaohsiung
Novosibirsk
Mecca
Mombasa
Bosaso
Gqeberha
Durban
Mutare
Solwezi
Ürümqi
Kisangani
Murmansk
Nizhny Novgorod
Arica
Valencia
Fairbanks
Halifax
Hamilton
Hagåtña
Papeete
Manaus
Natal
Belém
Salvador
Almaty
Belize City
 
Answer Stats
Answer % Correct
Cairo
58%
Abuja
54%
Port-au-Prince
54%
Tallinn
54%
Tbilisi
54%
Islamabad
50%
Khartoum
50%
Santiago
50%
São Tomé
50%
Zagreb
50%
Andorra la Vella
46%
Baku
46%
Bridgetown
46%
Budapest
46%
Paris
46%
Reykjavík
46%
Santo Domingo
46%
Tehran
46%
Abu Dhabi
42%
Ankara
42%
Asunción
42%
Buenos Aires
42%
Dili
42%
Doha
42%
Harare
42%
Jakarta
42%
Kingstown
42%
Mogadishu
42%
Naypyidaw
42%
Port Moresby
42%
Port of Spain
42%
Ulaanbaatar
42%
Apia
38%
Bamako
38%
Bucharest
38%
Gaborone
38%
Georgetown
38%
Honiara
38%
Kyiv
38%
Libreville
38%
Muscat
38%
Nassau
38%
N'Djamena
38%
Ouagadougou
38%
Port Vila
38%
Riga
38%
Roseau
38%
Vaduz
38%
Vientiane
38%
Vilnius
38%
Windhoek
38%
Ashgabat
35%
Bandar Seri Begawan
35%
Belmopan
35%
Bogotá
35%
Bratislava
35%
Castries
35%
Hanoi
35%
Kigali
35%
La Paz
35%
Manama
35%
Maseru
35%
Nukuʻalofa
35%
Paramaribo
35%
Port Louis
35%
Sarajevo
35%
Sucre
35%
Tashkent
35%
Antananarivo
31%
Asmara
31%
Bangui
31%
Bishkek
31%
Djibouti
31%
Dodoma
31%
Dushanbe
31%
Juba
31%
Kampala
31%
Lilongwe
31%
Ngerulmud
31%
Nouakchott
31%
Palikir
31%
Phnom Penh
31%
Podgorica
31%
Praia
31%
Riyadh
31%
Valletta
31%
Yamoussoukro
31%
Yerevan
31%
Banjul
27%
Conakry
27%
Majuro
27%
Malabo
27%
Malé
27%
Managua
27%
Suva
27%
Thimphu
27%
Yaoundé
27%
Yaren
27%
Saint John's
23%
South Tarawa
23%
No matching quizzes found
Score Distribution
Percent of People with Each Score
Percentile by Number Answered
Your Score History
You have not taken this quiz